Curso LV de vascuence Euskal-Ikastaldia Polyglophone CCC (Record no. 51001)
[ view plain ]
| 000 -LEADER | |
|---|---|
| campo de control de longitud fija | 00592nam a2200169 i 4500 |
| 001 - NÚMERO DE CONTROL | |
| campo de control | 51001 |
| 003 - IDENTIFICADOR DE NÚMERO DE CONTROL | |
| campo de control | ES-MaACL |
| 005 - FECHA Y HORA DE LA ÚLTIMA TRANSACCIÓN | |
| campo de control | 20230906162256.0 |
| 007 - CAMPO FIJO DE DESCRIPCIÓN FÍSICA--INFORMACIÓN GENERAL | |
| campo de control de longitud fija | t| |
| 008 - DATOS DE LONGITUD FIJA--INFORMACIÓN GENERAL | |
| campo de control de longitud fija | 030808s1961 sp |||| | spa d |
| 245 00 - MENCIÓN DEL TÍTULO | |
| Título | Curso LV de vascuence Euskal-Ikastaldia Polyglophone CCC |
| Resto del título | : grado primero / |
| Mención de responsabilidad, etc. | realizado bajo los auspicios de la Academia de la Lengua Vasca. |
| 260 ## - PUBLICACIÓN, DISTRIBUCIÓN, ETC. | |
| Lugar de publicación, distribución, etc. | San Sebastián : |
| Nombre del editor, distribuidor, etc. | Polyglophone CCC, |
| Fecha de publicación, distribución, etc. | [1961] |
| 300 ## - DESCRIPCIÓN FÍSICA | |
| Extensión | 1 v. (13 cuad.) ; |
| Dimensiones | 28 cm. |
| 650 04 - PUNTO DE ACCESO ADICIONAL DE MATERIA--TÉRMINO DE MATERIA | |
| Término de materia o nombre geográfico como elemento de entrada | Lengua vasca- |
| Subdivisión de forma | Métodos. |
| 9 (RLIN) | 14339 |
| 710 2# - ENTRADA AGREGADA--NOMBRE DE ENTIDAD CORPORATIVA | |
| Nombre de entidad corporativa o nombre de jurisdicción como elemento de entrada | Real Academia de la Lengua Vasca. |
| 9 (RLIN) | 6316 |
| 852 ## - LOCALIZACIÓN | |
| Ubicación | ES-MaACL |
| Número de control de estantería | G-6176 |
| Estatus retirado | Estado de pérdida | Estado de daño | No para préstamo | Biblioteca de origen | Biblioteca actual | Ubicación en estantería | Fecha de adquisición | Fuente de adquisición | Total de préstamos | Signatura topográfica completa | Código de barras | Visto por última vez | Precio de reemplazo | Tipo de ítem Koha |
|---|---|---|---|---|---|---|---|---|---|---|---|---|---|---|
| Biblioteca del Ateneo de Madrid | Biblioteca del Ateneo de Madrid | Depósito 2 | 17/01/2008 | G-6176 | 1053634 | 23/02/2023 | 23/02/2023 | Libro impreso |
